Biblioteca

Theodore of Mopsuestia (Registro nro. 45428)

Detalles MARC
000 -LÍDER
Campo fijo de descripción fija 01266aam a2200313 4500
001 - NÚMERO DE CONTROL
Campo de control 19050
003 - IDENTIFICADOR DEL NÚMERO DE CONTROL
Campo de control CO-MdFUSB
005 - FECHA Y HORA DE LA ULTIMA TRANSACCIÓN
control field 20190202100420.0
008 - ELEMENTOS DE LONGITUD FIJA -- INFORMACIÓN GENERAL
Campo fijo de descripción fija -- Información general 170210t1961 enk||||f |||| 00| 0 eng d
040 ## - FUENTE DE CATALOGACIÓN
Agencia de catalogación original CO-MdFUSB
Idioma de catalogación spa
Agencia que realiza la transcripción CO-MdFUSB
Agencia que realiza la modificación CO-MdFUSB
Convenciones de la descripción rda
041 ## - CÓDIGO DE IDIOMA
Código de idioma para texto/pista de sonido o título separado eng
082 ## - NÚMERO DE CLASIFICACIÓN DECIMAL DEWEY
Número de la edición del Dewey 24
Número de clasificación G 270.2092
Clave de autor-Numero de item G816t
100 1# - ASIENTO PRINCIPAL--NOMBRE PERSONAL
Nombre personal Greer, Rowan A.
Término relacionador autor
245 10 - TÍTULO
Título del Material Theodore of Mopsuestia
Parte restante del título - Subtitulo : Exegete and theologian
Mención de responsabilidad, etc. / Rowan A. Greer
264 #1 - PRODUCCIÓN, PUBLICACIÓN, DISTRIBUCIÓN, MANUFACTURA, Y COPYRIGHT
Lugar de producción, publicación, distribución, manufactura Westminister, England :
Nombre del productor, publicador, distribuidor The Faith Press,
Fecha de producción, publicación, distribución, manufactura, o copyright ℗[1961]
264 #4 - PRODUCCIÓN, PUBLICACIÓN, DISTRIBUCIÓN, MANUFACTURA, Y COPYRIGHT
Fecha de producción, publicación, distribución, manufactura, o copyright ©1961
300 ## - DESCRIPCIÓN FÍSICA
Extensión 173 páginas
Dimensiones ; 23 cm
336 ## - TIPO DE CONTENIDO
Fuente rdacontent
Término de tipo de contenido
Código de tipo de contenido
337 ## - TIPO DE MEDIO
Fuente rdamedia
Nombre del tipo de medio
Código del tipo de medio
338 ## - TIPO DE SOPORTE
Fuente rdacarrier
Nombre del tipo de soporte
Código Tipo de soporte
501 ## - NOTA DE “CON”
Nota de Contenido Incluye índice
504 ## - NOTA DE BIBLIOGRAFÍA, ETC.
Nota de bibliografía, etc Notas y bibliografía (páginas 163-170)
505 01 - NOTA DE CONTENIDO
Nota de contenido con formato preestablecido La teología de Teodoro en general - La controversia nestoriana - La redención, la iglesia, sacramentos y la vida cristiana - El método exegético de Teodoro - El comentario sobre Juan como representativo de la exégesis y la teología de Teodoro - El comentario sobre Juan: Exégesis frente a la teología
540 ## - NOTA DE CONDICIONES DE USO Y REPRODUCCION
Términos que regulan el uso y reproducción Pasta dura
650 #0 - ASIENTO SECUNDARIO DE MATERIA - TERMINO TEMÁTICO
Término temático o nombre geográfico como elemento de entrada Teología doctrinal
Subdivisión general Historia
9 (RLIN) 159
650 #7 - ASIENTO SECUNDARIO DE MATERIA - TERMINO TEMÁTICO
Término temático o nombre geográfico como elemento de entrada Iglesia
Subdivisión general Historia
Subdivisión cronológica (Iglesia primitiva), ca. 0030-0600
Fuente del encabezamiento o término
9 (RLIN) 659
942 ## - TIPO DE MATERIAL (KOHA)
Tipo de Item KOHA Libros General
Existencias
Estado de Material Estado de Perdido Forma de Clasificación Estado de Dañado No para Préstamo Colección Tomo Biblioteca de Origen Biblioteca Permanente Fecha de Adquisición Total de Préstamos Signatura Topográfica Código de Barras Última vez visto Ejemplar/Existencia Fecha de Remplazo Tipo de Material
    Dewey Decimal Classification     Colección General   Biblioteca FUSBC Biblioteca FUSBC 02/03/2015   G 270.2092 G816t 19089 01/09/2022 Ej. 1 26/01/2016 Libros General

Biblioteca FUSBC | Teléfono: (57+4) 349 88 10 Ext. 141| WhatsApp (+57) 3005338115 
E-mail: biblioteca@unisbc.edu.co | Calle 76 87-14 Robledo Palenque, Medellín, Colombia

Con tecnología Koha